MDQL
is popping MORE tags! Check the
thread
!
Quizzes
Events
Quiz Creation
Community
Videos
Private Events
Remove Ads
Sign In
Join for FREE
Feedback
Dark Mode
Quiz Categories
Sports
Geography
Music
Movies
Television
Just For Fun
Miscellaneous
History
Literature
Language
Science
Gaming
Entertainment
Religion
Holiday
For Kids
Quiz Lab
Recent
Popular Today
Quiz Kudos Today
Editor Picks
Curator Picks
Quizzes by...
Day
Popularity
Type
Ratings
Length
Year
Community
Subscriptions
Recent Discussions
Orange Saloon
Badges
Playlists
Quests
Create
Leaderboards
Showdown
Live 5
Trivia Bingo
Activity
Puzzle Library
Sporcle Events
Private Events
Virtual Trivia
Globe League
Become a Host
Pub Owners
SporcleCon
Opinionation
Our Games
Videos
Blog
Mobile Apps
Partnerships
Remove Ads and Go Orange
Feedback
Gaming
Video Games
Board Games
Card Games
Pokémon
Mario
Nintendo
Minecraft
Console
Toys
Legend of Zelda
Gaming
Video Games
Board Games
Card Games
Pokémon
Mario
Nintendo
Minecraft
Console
Toys
Legend of Zelda
Random Quiz
Search Sporcle
×
Quiz Lab
Quiz Lab
Gaming
Pokémon
Type in answers that appear in a list
Type in answers that appear in a list
Classic
Best Score? Go Orange.
Pokémon Generation VI Moves Stats
Can you name the Pokémon moves introduced in Generation VI?
By
oddthomasxxiii
8m
62 Questions
89 Plays
89 Plays
89 Plays
Comments
Comments
Give Quiz Kudos
Give Quiz Kudos
-
- Ratings
hide this ad
Replay
Link that replays current quiz
Next Quiz
Link to next quiz in quiz playlist
You Got
0%
They Got
Avg Score
65%
Avg Friend Score
Upgrade to see
Score Distribution
Jump to the score distribution portion of the page
Score
0/62
Timer
08:00
0
Plays Today
Type
Move
% Correct
Water
Water Shuriken
88.8%
Fairy
Moonblast
85.4%
Grass
Spiky Shield
85.4%
Electric
Electric Terrain
84.3%
Fairy
Fairy Wind
83.1%
Flying
Oblivion Wing
83.1%
Grass
Grassy Terrain
79.8%
Fighting
Flying Press
78.7%
Fairy
Geomancy
78.7%
Fire
Mystical Fire
78.7%
Electric
Nuzzle
78.7%
Fairy
Dazzling Gleam
76.4%
Fairy
Misty Terrain
76.4%
Fairy
Fairy Lock
74.2%
Steel
King's Shield
74.2%
Ground
Thousand Arrows
74.2%
Rock
Diamond Storm
73%
Ground
Land's Wrath
73%
Ghost
Trick-or-Treat
73%
Fairy
Baby-Doll Eyes
70.8%
Fairy
Crafty Shield
70.8%
Fairy
Draining Kiss
69.7%
Electric
Parabolic Charge
69.7%
Grass
Forest's Curse
68.5%
Psychic
Hyperspace Hole
67.4%
Bug
Infestation
67.4%
Water
Steam Eruption
67.4%
Ground
Thousand Waves
67.4%
Fairy
Aromatic Mist
66.3%
Dark
Hyperspace Fury
66.3%
Fairy
Play Rough
66.3%
Type
Move
% Correct
Water
Origin Pulse
65.2%
Dark
Topsy-Turvy
65.2%
Fighting
Power-Up Punch
64%
Electric
Ion Deluge
62.9%
Poison
Belch
61.8%
Fairy
Disarming Voice
61.8%
Ground
Precipice Blades
61.8%
Flying
Dragon Ascent
60.7%
Electric
Electrify
60.7%
Poison
Venom Drench
60.7%
Normal
Boomburst
59.6%
Ice
Freeze-Dry
59.6%
Normal
Noble Roar
59.6%
Normal
Celebrate
57.3%
Fighting
Mat Block
57.3%
Bug
Powder
57.3%
Normal
Confide
56.2%
Normal
Hold Hands
56.2%
Dark
Parting Shot
56.2%
Ghost
Phantom Force
56.2%
Fairy
Flower Shield
55.1%
Electric
Eerie Impulse
51.7%
Normal
Play Nice
51.7%
Bug
Sticky Web
51.7%
Bug
Fell Stinger
50.6%
Electric
Magnetic Flux
50.6%
Normal
Hold Back
49.4%
Grass
Petal Blizzard
49.4%
Ground
Rototiller
49.4%
Normal
Happy Hour
48.3%
Fairy
Light of Ruin
47.2%
Quiz Playlist
Details
Report
Send in Message
Add To Playlist
Classic:
Type in answers that appear in a list
Quiz Source
Last Updated: Feb 16, 2017
Quiz Scoreboard
CHALLENGE
Sign Up to Join the Scoreboard
Show All
Scores
Hide
Comments
May contain spoilers
Recently Published
Image Sorting: Flags VI
by Barbecue
Geography
2m
Find the 'City' Movie
by crazypaving
Movies
60s
Colored Red Africa Blitz
by spor1
Geography
45s
More to Explore
Quiz From the Vault
Featured Blog Post
14 Easter Pick-up Lines to Find Eggs With
hide this ad
You Might Also Like...
Tags
Pokémon Quiz
Generation 6
Today's Top Quizzes in Gaming
Browse Gaming
hide this ad
Today's Top Quizzes in Pokémon
Browse Pokémon
Top Contributed Quizzes in Gaming
1
League of Legends Pro Players by Career/Team History
2
Destiny 2 exotic weapons by perk icons
3
Genshin Impact Logic Puzzle
4
Genshin murder mystery
5
Dead By Daylight Logic Puzzle
6
4x4 Decades: Video Games
7
Ultimate Genshin Impact Logic Puzzle (up to 4.3)
8
Overwatch Logic Puzzle
9
Who's on the WWE 2K24 Cover?
10
Overwatch 2: Ultimate Ability Icons
Explore More
Trending Topics
Harry Potter
Crossword
NBA
Disney
Anime
Kpop
Marvel
Song
The Office
Country
Soccer
NFL
Pokémon
Puzzle
WWE
hide this ad
More By:
oddthomasxxiii
Quiz
Plays
Rating
Category
Featured
Created
100 Largest Islands
7,379
4.48
Geography
Jan 18, 2010
UK's Busiest Railway Stations
6,195
3.50
Geography
May 5, 2012
List of Pokemon Moves (A-G)
3,769
4.57
Gaming
Feb 1, 2012
List of Pokemon Moves (Q-Z)
2,502
5.00
Gaming
Feb 1, 2012
British Bird Picture Quilt
2,400
4.83
Science
May 24, 2015
Go to Creator's Profile
Score Distribution
Quiz Creator Spotlight
oddthomasxxiii
Follow
Send a Message
Quizzes Created
-
Created Quiz Play Count
-
More By This Creator
Popular Quizzes Today
1
Colored Red Africa Blitz
2
Find the US States - No Outlines Minefield
3
Find the 'City' Movie
4
5x2 Blitz: Bands
5
The Countries of the World
6
Find the US States
7
Find the Countries of Europe - No Outlines Minefield
8
US States
More Gaming Quizzes
Beyond 2000: Video Games Slot Machine
Published
Trending Quizzes
Colored Red Europe Blitz I
Colored Red Europe Blitz II
Colored Red Africa Blitz II
Colored Red Europe Blitz III
Colored Red Africa Blitz III
Recently Updated
How Do You Spell That?
pecheneg
Godzilla Movies
pecheneg
Grab Bag: 4-10 Letters
pecheneg
2024 March Madness Bracket
pecheneg
Famous TV Couples
Peacemaker
Champions League XIs: Real Madrid
pecheneg
Largest US Cities 1790-2010
pecheneg
Rides in Walt Disney World
pecheneg
Most Oscar Losses (Acting)
pecheneg
Beyoncé Albums
pecheneg
Trending Topics
Disney
Marvel
NBA
Kpop
Crossword
Harry Potter
Anime
NFL
Song
The Office
Pokémon
Puzzle
Country
Soccer
WWE
Your Account Isn't Verified!
In order to create a playlist on Sporcle, you need to verify the email address you used during registration. Go to your
Sporcle Settings
to finish the process.
Report this User
Report this user for behavior that violates our
Community Guidelines
.
Details:
Send Report
Go to the Sporcle.com Mobile Site →
Comments